Statistics for Saudi Arabia A-Z

Click here to take the quiz!

General Stats

  • This quiz has been taken 58 times
    (42 since last reset)
  • The average score is 16 of 25

Answer Stats

ClueAnswer% Correct
ACountry's official languageArabic
100%
ECountry facing Saudi Arabia on the Red SeaEgypt
97%
ISaudi Arabia's rival in the regionIran
93%
JPort city on the Red SeaJeddah
90%
MCity where Muhammad was buried inMedina
90%
QSaudi Arabia is the only neighbor to this countryQatar
90%
RCapital cityRiyadh
87%
VThe only country with more oil reservesVenezuela
87%
YSaudi Arabia led intervention against this countryYemen
87%
OCountry's largest exportOil
83%
TPrefix "Al-" in EnglishThe
73%
B"Son of" in official namesBin
70%
DNational fruitDates
70%
PFood forbidden to be importedPork
70%
L________ of ArabiaLawrence
67%
NOne Thousand and One ______Nights
63%
GThe G in GCCGulf
60%
WAustere Sunni religious movement founded in Saudi ArabiaWahhabism
53%
ZHoly water from a well in MeccaZamzam
50%
HWestern region of Saudi Arabia; Once part of the Ottoman EmpireHejaz
47%
CMale heir to the throne in a royal monarchyCrown Prince
40%
USecond of the four Arab caliphatesUmayyad
37%
FArabian aromatic resinFrankincense
20%
SMiddle Eastern sword found in the flagScimitar
17%
KGulf war battle after the invasion of this Saudi city: Battle of _______Khafji
7%

Score Distribution

Percentile by Number Answered

Percent of People with Each Score

Your Score History

You have not taken this quiz since the last reset